000 00808 a2200229 4500
001 57150
005 20260407155834.0
008 260407a1997 arg spa d
003 AR-UNSa-BCEJYS
040 _aAR-UNSa-BCEJYS
_bspa
_cAR-UNSa-BCEJYS
080 _a37
_xEducación. Enseñanza. Formación
245 1 0 _aCrítica de las razones de educar
_ptemas de filosofía de la educación
020 _a950-12-6115-8
264 1 _aBuenos Aires :
_bPaidós
_c1997
300 _a260 p.
_c22 cm.
505 _aPrimera parte: Educación y conocimiento – Segunda parte: Educación y valores
041 _aspa
942 _cBK
590 _aniveau_biblio:m niveau_hierar:0
100 1 _aCullen, Carlos A.
856 4 1 _uhttps://biblioeco.unsa.edu.ar/pmb/images/libros/L128720.jpg
_yImagen de portada
_qimage/jpeg
999 _c6142
_d6142